[Event "Kemerovo op"]
[Site "Kemerovo"]
[Date "2011.07.27"]
[Round "5"]
[White "Vlassov, Nikolai"]
[Black "Denisov, Lev"]
[Result "1/2-1/2"]
[WhiteElo "2449"]
[BlackElo "2337"]
[PlyCount "95"]
[EventDate "2011.07.25"]
[EventType "swiss"]
[EventRounds "9"]
[EventCountry "RUS"]
[SourceTitle "EXT 2012"]
[Source "ChessBase"]
[SourceDate "2011.11.24"]
[SourceVersion "1"]
[SourceVersionDate "2011.11.24"]
[SourceQuality "1"]

1. e4 e5 2. Bc4 Nc6 3. f4 Nf6 4. Nc3 Bb4 5. Nf3 d6 6. 0-0 Be6 7. Bb5 a6 8. Bxc6+ bxc6 9. f5 Bc8 10. d3 h6 11. Kh1 Qe7 12. Qe1 Bb7 13. Be3 Nd7 14. a3 Ba5 15. Qg3 f6 16. Na4 Bb6 17. Nh4 Qf7 18. b4 Rg8 19. c4 Qh5 20. c5 Ba7 21. Rf3 Qf7 22. Qg6 Nf8 23. Qxf7+ Kxf7 24. Rff1 Nd7 25. Nf3 Rgd8 26. Nd2 dxc5 27. bxc5 a5 28. Rfc1 Ba6 29. Rc3 Rab8 30. Rac1 Nf8 31. Nc4 Rb5 32. Kg1 Nd7 33. Kf2 Kg8 34. Ke2 Bxc5 35. Nxc5 Nxc5 36. Bxc5 Rxc5 37. Nb2 Rb5 38. Na4 Rd4 39. Nc5 Rb2+ 40. Ke3 Bb5 41. a4 Bxa4 42. Ra1 Bb5 43. Rxa5 Rxg2 44. Ra8+ Kf7 45. Rc8 Rb4 46. Rxc7+ Kg8 47. Rc8+ Kh7 48. Nd7 1/2-1/2